00658 2200217 4500001002100000005001500021035002500036008004100061245004900102100001600151250000600167260007000173300005100243020002200294082000800316084001100324520002800335650004100363990001800404990001800422INLIS00000000000379920231217044336 a0010-121900000003799231217 | ind 1 aKamus populer istilah biologi /cEdward Erik0 aEdward Erik a1 aRiugha Edu Pustaka : Bekasi :bRiugha Edu Pustaka : Bekasi,c2018 a180 hlm.;14,5 x 21 cm ;c180 hlm.;14,5 x 21 cm a978-602-74189-1-2 a500 a570,03 aHIBAH PERPUSNAS RI 2018 4aKamus Populer Istilah Biologi 570.03 aB201901079233 aB201901079232